Ortografia – nagła śmierć - Statystyki

Ogólne statystyki
  • Ten quiz został rozwiązany 32 379 razy
  • Średni wynik to 6 z 16
Answers on the Grid
Answers color-coded by a green-red scale on the quiz's grid according to % correct below.
żygać
żółć
rzodkiewka
gżegżółka
hamak
cheban
chlep
miąsz
Prószków
Pruszków
śróba
piontka
krzyż
skówka
pyzdry
włatca
warzyć
chędożyć
azalisz
moi
wzwyż
maupa
applikacja
wielkopolska
pierszy
szafom
szafą
narazie
jabko
żyd
dłuk
lut
 
Statystyki odpowiedzi
Odpowiedź % Poprawnych
Wszystkie litery tego słowa są polskimi znakami. żółć
78%
rzodkiewka
75%
hamak
66%
RZ piszemy po K; krzyż : krzyski (np. święto + krzyski) krzyż
57%
miasto na Mazowszu Pruszków
53%
Wyjątek od reguły, że po G pisze się RZ gżegżółka
51%
Wyznawców religii piszemy małą literą żyd
42%
wzwyż
35%
Przymiotnik rodzaju żeńskiego wielkopolska
27%
Narzędnik liczby pojedynczej szafą
24%
chędożyć
22%
mój - moi moi
20%
Warzyć miksturę, potrawę warzyć
19%
miasto na Opolszczyźnie Prószków
14%
Specjalne spoiwo do lutowania lut
9%
Celownik liczby mnogiej szafom
6%
Nie znaleziono quizów pasujących do podanych kryteriów
Rozkład punktacji
Procent ludzi z każdym wynikiem
Percentyl według liczby udzielonych odpowiedzi
Twoja historia wyników
Nie rozwiązałeś tego quizu